| 000 | 00605nam a22001457a 4500 | ||
|---|---|---|---|
| 020 | _a0-553-21175-7 | ||
| 082 |
_a823 _bDOS/C |
||
| 100 | _aDOSTOEVSKY, FYODOR | ||
| 245 | _aCRIME AND PUNISHMENT | ||
| 260 |
_aUNITED STATES _bBANTAM BOOKS _c2003 |
||
| 300 | _a542 | ||
| 520 | _aRaskolnikov, a former student, lives in poverty and chaos in St. Petersburg. He decides—through contradictory theories, including utilitarian morality and the belief that extraordinary people have the “right to transgress”—to murder Alyona Ivanovna, an elderly pawnbroker. | ||
| 650 |
_aNOVEL _zUNITED STATES |
||
| 942 | _cBK | ||
| 999 |
_c3033 _d3033 |
||